000 00529nam a2200181Ia 4500
008 090123s9999 xx 000 0 und d
082 _b22906
_a891.463/बोधे
100 _aबोधे व.बा.
245 _aहिरवं सोनं
250 _a1
260 _bशांती प्रकाशन
_c1993
300 _a222
600 _aबोधे व.बा.
630 _aहिरवं सोनं
700 _aबोधे व.बा.
730 _aहिरवं सोनं
942 _cBOOK
999 _c60978
_d60978